The Cognitive behavioral therapy: workbook for personality disorder/ (Record no. 614725)

000 -LEADER
fixed length control field 00302nam a22001097a 4500
082 ## - DEWEY DECIMAL CLASSIFICATION NUMBER
Classification number 616.891425
Author Mark WOO
100 ## - MAIN ENTRY--PERSONAL NAME
Personal name Jeffrey C. Woo
245 ## - TITLE STATEMENT
Title The Cognitive behavioral therapy: workbook for personality disorder/
260 ## - PUBLICATION, DISTRIBUTION, ETC.
Place of publication, distribution, etc. New York:
Name of publisher, distributor, etc. Harbinger;
Date of publication, distribution, etc. 2010
300 ## - PHYSICAL DESCRIPTION
Extent 232p
942 ## - ADDED ENTRY ELEMENTS (KOHA)
Source of classification or shelving scheme
Koha item type Book
Holdings
Withdrawn status Lost status Source of classification or shelving scheme Damaged status Not for loan Permanent Location Current Location Date acquired Total Checkouts Full call number Barcode Date last seen Price effective from Koha item type
          Central Library (CL) Central Library (CL) 09/20/2025   616.891425 WOO S3H-S-294 09/20/2025 09/20/2025 Book
© 2023 Central Library, National University of Sciences and Technology. All Rights Reserved.